书目信息 |
| 题名: |
國學
|
|
| 作者: | 袁行霈 主编 | |
| 分册: | ||
| 出版信息: | 北京 北京大学出版社 2007.06 |
|
| 页数: | 599页 | |
| 开本: | 23cm | |
| 丛书名: | 国学研究丛刊 | |
| 单 册: | ||
| 中图分类: | Z126.27 | |
| 科图分类: | ||
| 主题词: | 国学--guo xue--中国--文集 | |
| 电子资源: | ||
| ISBN: | 978-7-301-12188-7 | |
| 000 | 00896nam 2200265 450 | |
| 001 | 012007188139 | |
| 005 | 20070930101048.75 | |
| 010 | @a978-7-301-12188-7@dCNY52.00 | |
| 100 | @a20070808d2007 km y0chiy0120 ea | |
| 101 | 0 | @achi |
| 102 | @aCN@b110000 | |
| 105 | @ay z 000yy | |
| 200 | 1 | @a國學@Aguo xue@e多学科的视角@f袁行霈主编@Fyuan xing pei zhu bian |
| 210 | @a北京@c北京大学出版社@d2007.06 | |
| 215 | @a599页@d23cm | |
| 225 | 2 | @a国学研究丛刊@Aguo xue yan jiu cong kan |
| 330 | @a本书容纳了文学、语言学、文字学、音韵学、训诂学、目录学、版本学、校勘学、史学、哲学、宗教学、考古学、历史地理学等等多个学科。 | |
| 410 | 0 | @12001 @a国学研究丛刊 |
| 517 | 1 | @a多学科的视角@Aduo xue ke de shi jiao |
| 518 | 1 | @a国学@Aguo xue |
| 606 | 0 | @a国学@Aguo xue@y中国@j文集 |
| 690 | @aZ126.27@v4 | |
| 701 | 0 | @a袁行霈@Ayuan xing pei@4主编 |
| 801 | 0 | @aCN@c20070930 |
| 905 | @dZ126.27@eY914 | |
| 國學:多学科的视角/袁行霈主编.-北京:北京大学出版社,2007.06 |
| 599页;23cm.-(国学研究丛刊) |
| ISBN 978-7-301-12188-7:CNY52.00 |
| 本书容纳了文学、语言学、文字学、音韵学、训诂学、目录学、版本学、校勘学、史学、哲学、宗教学、考古学、历史地理学等等多个学科。 |
| ● |
| 相关链接 |
|
|
|
正题名:國學
索取号:Z126.27/Y914
 
预约/预借
| 序号 | 登录号 | 条形码 | 馆藏地/架位号 | 状态 | 备注 |
| 1 | 255434 | 202554342 | 自科二线504/504自科库 12排3列3层/ [索取号:Z126.27/Y914] | 在馆 | |
| 2 | 255435 | 202554351 | 自科二线504/504自科库 12排3列1层/ [索取号:Z126.27/Y914] | 在馆 |